Personalized learning student-designed pathways to high school graduation

Saved in:
Bibliographic Details
Main Author: CLARKE, John H.
Format: Book
Language:English
Published: Corwin Press 2013
Tags: Add Tag
No Tags, Be the first to tag this record!

MARC

LEADER 00000nam a22000007a 4500
008 210119b ||||| |||| 00| 0 eng d
020 |a 978-1-4522-5854-6 
100 |a CLARKE, John H. 
245 |a Personalized learning  |b student-designed pathways to high school graduation  |c John H. Clarke  |g xxii, 211p.; ill 
260 |b Corwin Press  |c 2013  |h Thousand Oaks, California  |i 692237  |i 692238  |l LB1031 .C55  |m Individualized instruction – United States – Case studies  |m High school teaching – United States – Case studies  |m Educational change – United States – Case studies 
500 |a “It includes bibliographical references and index”. 
942 |a lcc  |c BK  |e O.A.JOHNSON  |f 19/12/21 
952 |0 0  |1 0  |2 lcc  |4 0  |6 LB1031 C55  |7 0  |9 1191  |a ED  |b HOL  |d 2021-01-19  |l 0  |o LB1031 .C55  |p 2021-0012  |r 2021-01-19 00:00:00  |w 2021-01-19  |y BK 
952 |0 0  |1 0  |2 lcc  |4 0  |6 LB1031 C55  |7 0  |9 1192  |a HOL  |b HOL  |d 2021-01-19  |l 0  |o LB1031 .C55  |p 2021-0013  |r 2021-01-19 00:00:00  |w 2021-01-19  |y BK 
999 |c 628  |d 628